000 00539nam a2200169Ia 4500
008 090201s9999 xx 000 0 und d
010 _aKPL-9944
040 _bमराठी
041 _aमराठी
082 _a44298
_b9944
100 _aगो ना दातार
245 _aबंधुव्देष
_cगो ना दातार
260 _c2005
_bदामोदर सावळाराम आणि मंडळी
300 _a912
_bमोठा
600 _aबंधुव्देष
942 _cBOOK
999 _c241328
_d241328